| 000 | 00737nam a22002417a 4500 | ||
|---|---|---|---|
| 999 |
_c33765 _d33765 |
||
| 001 | 3053 | ||
| 003 | CO-MdFUSB | ||
| 005 | 20180622073129.0 | ||
| 008 | 180427s1954 ag ||||| |||| 00| 0 spa d | ||
| 040 |
_aCO-MdFUSB _bspa _cCO-MdFUSB _dCO-MdFUSBC _erda |
||
| 041 | 0 | _aspa | |
| 082 | 0 | 4 | _aG 228.1 F365i |
| 100 | 1 |
_aFernández Suárez, Domingo _eautor |
|
| 245 | 4 |
_aUna interpretación del Apocalipsis _c/ Domingo Fernández Suárez |
|
| 250 | _a3 | ||
| 264 | 1 |
_aEl Paso, TX., USA : _bCasa Bautista de Publicaciones, _c[1954] |
|
| 300 | _a234 Pag | ||
| 336 |
_2rdacontent _atexto _btxt |
||
| 337 |
_2rdamedia _asin mediación _bn |
||
| 338 |
_2rdacarrier _avolumen _bnc |
||
| 653 | _aBiblia N.T. - Apocalipsis - Comentarios | ||
| 942 | _cBK | ||